[Event "SG Bochum 2 - zweihochsechs Bielefeld 1"]
[Site "NRW-Klasse - Gruppe 1 2019/20"]
[Date "2019.11.03"]
[Round "3.8"]
[White "Zeldin, Vitali"]
[Black "Husemann, Dirk"]
[Result "1/2-1/2"]
[WhiteElo "1946"]
[BlackElo "1964"]
[PlyCount "55"]
[EventDate "2019.??.??"]
[SourceVersionDate "2020.03.16"]
[WhiteTeam "SG Bochum 2"]
[BlackTeam "zweihochsechs Bielefeld 1"]

1. e4 c5 2. Nf3 d6 3. Bb5+ Bd7 4. Bxd7+ Qxd7 5. O-O g6 6. c3 Bg7 7. d4 cxd4 8.
cxd4 Nc6 9. Nc3 Nf6 10. h3 O-O 11. Re1 Rfd8 12. Bg5 h6 13. Be3 a6 14. Qd2 Kh7
15. Rad1 Rac8 16. Qd3 b5 17. a3 Na5 18. Qb1 Qb7 19. Nd2 Nc4 20. Nxc4 Rxc4 21.
f3 Rdc8 22. Ne2 Nd7 23. h4 h5 24. Nf4 Rc2 25. Rc1 Rxc1 26. Rxc1 Nb6 27. b3 e6
28. Rc2 1/2-1/2

[Event "SK Münster 2 - SG Kirchlengern 1"]
[Site "NRW-Klasse - Gruppe 1 2019/20"]
[Date "2019.11.03"]
[Round "3.1"]
[White "Gulatz, Maurice"]
[Black "Ortmeier, Leonhard"]
[Result "1-0"]
[WhiteElo "2191"]
[BlackElo "2186"]
[Annotator "Daniel"]
[PlyCount "75"]
[EventDate "2019.??.??"]
[SourceVersionDate "2020.03.16"]
[WhiteTeam "SG Kirchlengern 1"]
[BlackTeam "SK Münster 2"]

1. d4 Nf6 2. c4 e6 3. g3 d5 4. Nf3 Be7 5. Bg2 O-O 6. O-O dxc4 7. Qc2 b5 8. a4
b4 9. Nbd2 Bb7 10. Nxc4 Be4 11. Qd1 Qc8 12. Bg5 Rd8 13. Ncd2 Bb7 14. Rc1 Na6
15. Qc2 Rb8 16. b3 h6 17. Bxf6 Bxf6 18. e3 c5 19. Ne4 Bxe4 20. Qxe4 Qc7 21.
Rfd1 Qb6 22. Ne5 Rbc8 23. Nc4 Qc7 24. Qb7 Nb8 25. Qxc7 Rxc7 26. Na5 Nd7 27. Nc6
Rdc8 28. dxc5 Kf8 29. Rc4 Ke8 $11 30. Nxb4 Rxc5 31. Bc6 Rxc4 32. Bxd7+ Kf8 33.
bxc4 Rxc4 34. Nd3 a6 35. Rc1 Bc3 36. Nb2 Rc7 37. Nd1 Rxd7 38. Nxc3 1-0

[Event "SK Münster 2 - SG Kirchlengern 1"]
[Site "NRW-Klasse - Gruppe 1 2019/20"]
[Date "2019.11.03"]
[Round "3.2"]
[White "Quante, Lennart"]
[Black "Braun, Peter"]
[Result "0-1"]
[WhiteElo "2111"]
[BlackElo "2031"]
[PlyCount "68"]
[EventDate "2019.??.??"]
[SourceVersionDate "2020.03.16"]
[WhiteTeam "SK Münster 2"]
[BlackTeam "SG Kirchlengern 1"]

1. d4 e6 2. c4 f5 3. g3 Nf6 4. Bg2 Be7 5. Nf3 d6 6. O-O O-O 7. b3 a5 8. Bb2 a4
9. b4 Ne4 10. a3 Bf6 11. Qc2 Qe8 12. Nbd2 Nxd2 13. Nxd2 e5 14. dxe5 dxe5 15. c5
Nc6 16. Nc4 Nd4 17. Bxd4 exd4 18. Rad1 Qb5 19. Bd5+ Kh8 20. Nd2 Qxe2 21. Rfe1
Qh5 22. c6 b6 23. Nf3 f4 24. Qc4 fxg3 25. hxg3 Bg4 26. Rd3 Rae8 27. Re4 Bxf3
28. Rxf3 Qxf3 29. Rxe8 Qd1+ 30. Kg2 Rxe8 31. Bf3 Qb3 32. Qa6 d3 33. Qb7 Be5 34.
Bh5 g6 0-1

[Event "SK Münster 2 - SG Kirchlengern 1"]
[Site "NRW-Klasse - Gruppe 1 2019/20"]
[Date "2019.11.03"]
[Round "3.3"]
[White "Krueger, Tim"]
[Black "Virnyi, Julius"]
[Result "1/2-1/2"]
[WhiteElo "2031"]
[BlackElo "2041"]
[PlyCount "25"]
[EventDate "2019.??.??"]
[SourceVersionDate "2020.03.16"]
[WhiteTeam "SG Kirchlengern 1"]
[BlackTeam "SK Münster 2"]

1. Nf3 Nf6 2. d4 e6 3. c4 Bb4+ 4. Bd2 Qe7 5. g3 Nc6 6. a3 Bxd2+ 7. Qxd2 d5 8.
cxd5 exd5 9. Bg2 a5 10. Nc3 O-O 11. O-O Rd8 12. e3 h6 13. Qc2 1/2-1/2

[Event "SK Münster 2 - SG Kirchlengern 1"]
[Site "NRW-Klasse - Gruppe 1 2019/20"]
[Date "2019.11.03"]
[Round "3.4"]
[White "Austrup, David"]
[Black "Ott, Mathias"]
[Result "1-0"]
[WhiteElo "1960"]
[BlackElo "1951"]
[PlyCount "71"]
[EventDate "2019.??.??"]
[SourceVersionDate "2020.03.16"]
[WhiteTeam "SK Münster 2"]
[BlackTeam "SG Kirchlengern 1"]

1. e4 e6 2. d4 d5 3. exd5 exd5 4. Nf3 Bd6 5. c4 c6 6. Nc3 Nf6 7. Bd3 dxc4 8.
Bxc4 O-O 9. O-O h6 10. Re1 Bg4 11. h3 Bh5 12. g4 Bg6 13. Ne5 Bxe5 14. dxe5 Nfd7
15. f4 Qb6+ 16. Kg2 Qc5 17. Bb3 Kh8 18. Be3 Qe7 19. f5 Bh7 20. f6 Nxf6 21. exf6
Qxf6 22. Bd4 Qg5 23. Qe2 Nd7 24. Rad1 Nf6 25. Qe7 h5 26. Bxf6 gxf6 27. Ne4
Bxe4+ 28. Qxe4 Rg8 29. Bxf7 Rg7 30. Be6 Re8 31. Qf5 Qh4 32. Re4 Rf8 33. Rd7
hxg4 34. Rxg4 Rxg4+ 35. hxg4 Qh6 36. Qh5 1-0

[Event "SK Münster 2 - SG Kirchlengern 1"]
[Site "NRW-Klasse - Gruppe 1 2019/20"]
[Date "2019.11.03"]
[Round "3.5"]
[White "Dilger, Tim"]
[Black "Kamp, Adrian"]
[Result "1-0"]
[WhiteElo "1848"]
[BlackElo "1928"]
[PlyCount "53"]
[EventDate "2019.??.??"]
[SourceVersionDate "2020.03.16"]
[WhiteTeam "SG Kirchlengern 1"]
[BlackTeam "SK Münster 2"]

1. e4 c5 2. Nc3 Nc6 3. Bb5 g6 4. f4 Bg7 5. Nf3 e6 6. Bxc6 bxc6 7. d3 d5 8. Bd2
Ne7 9. O-O Ba6 10. e5 O-O 11. Qe1 c4 12. d4 Rb8 13. Rb1 c5 14. Qf2 Nf5 15. dxc5
d4 16. Ne2 Qd5 17. a3 Rfd8 18. Rfd1 Ne3 19. Bxe3 dxe3 20. Qxe3 Qxd1+ 21. Rxd1
Rxd1+ 22. Kf2 Bf8 23. Nc3 Rd7 24. Ne4 Be7 25. Nf6+ Bxf6 26. exf6 Rc8 27. f5 1-0

[Event "SK Münster 2 - SG Kirchlengern 1"]
[Site "NRW-Klasse - Gruppe 1 2019/20"]
[Date "2019.11.03"]
[Round "3.6"]
[White "Kubo, Thomas"]
[Black "Knollmann, Benjamin"]
[Result "1/2-1/2"]
[WhiteElo "1985"]
[BlackElo "1809"]
[Annotator "Daniel"]
[PlyCount "79"]
[EventDate "2019.??.??"]
[SourceVersionDate "2020.03.16"]
[WhiteTeam "SK Münster 2"]
[BlackTeam "SG Kirchlengern 1"]

1. Nf3 Nf6 2. c4 c5 3. g3 Nc6 4. Bg2 g6 5. O-O Bg7 6. d4 cxd4 7. Nxd4 O-O 8.
Nc3 Nxd4 9. Qxd4 d6 10. Rd1 a6 11. Qd3 Qc7 12. Be3 Bf5 13. Qd2 Qxc4 14. Bxb7
Rab8 15. b3 Qe6 16. Bxa6 Ne4 17. Nxe4 Bxa1 18. Nc3 Bxc3 19. Qxc3 Ra8 20. Bh6
Qe5 21. Qxe5 dxe5 22. Bxf8 Kxf8 $11 23. Bc4 Rxa2 24. f3 Rb2 25. Kf2 Bc2 26. Rd2
Bxb3 27. Rxb2 Bxc4 28. Rc2 Be6 29. Ke3 f6 30. Rb2 Kf7 31. Rb7 Bc4 32. Rc7 Ba2
33. h4 h5 34. Ra7 Bb1 35. Kd2 Bf5 36. Kc3 g5 37. Kc4 g4 38. fxg4 Bxg4 39. e3
Bf3 40. Kc5 1/2-1/2

[Event "SK Münster 2 - SG Kirchlengern 1"]
[Site "NRW-Klasse - Gruppe 1 2019/20"]
[Date "2019.11.03"]
[Round "3.7"]
[White "Ott, Helmut"]
[Black "Schroeder, Lennart"]
[Result "1-0"]
[WhiteElo "1787"]
[BlackElo "1886"]
[PlyCount "105"]
[EventDate "2019.??.??"]
[SourceVersionDate "2020.03.16"]
[WhiteTeam "SG Kirchlengern 1"]
[BlackTeam "SK Münster 2"]

1. d4 e6 2. c4 Bb4+ 3. Bd2 a5 4. Nf3 Qe7 5. Nc3 d6 6. e3 Nf6 7. Qc2 O-O 8. Bd3
e5 9. dxe5 dxe5 10. Ne4 Nxe4 11. Bxe4 f5 12. Bd5+ Kh8 13. Bxb4 axb4 14. c5 c6
15. Bb3 Nd7 16. Rc1 Ra5 17. O-O Nxc5 18. Bc4 b6 19. Rfd1 Ba6 20. h4 Qf6 21. Ng5
h6 22. Nf7+ Rxf7 23. Bxf7 Qxf7 24. Rd8+ Kh7 25. g4 e4 26. f4 Bd3 27. Qg2 Rxa2
28. g5 g6 29. h5 Ra7 30. Rxc5 bxc5 31. Rd6 Ra1+ 32. Kh2 Kh8 33. Rd8+ Kh7 34.
Rd6 Kh8 35. hxg6 Qe7 36. g7+ Kxg7 37. gxh6+ Kh8 38. Rd8+ Kh7 39. Qg8+ Kxh6 40.
Qh8+ Kg6 41. Rg8+ Kf7 42. Rg7+ Ke6 43. Rxe7+ Kxe7 44. Qe5+ Kd8 45. Qd6+ Ke8 46.
Qxc6+ Kd8 47. Qxc5 Ra6 48. Qxf5 b3 49. Qf8+ Kd7 50. Qf7+ Kc8 51. Qxb3 Rh6+ 52.
Kg3 Bf1 53. Qg8+ 1-0

[Event "SG Bünde 1 - Bielefelder SK 1"]
[Site "NRW-Klasse - Gruppe 1 2019/20"]
[Date "2019.11.03"]
[Round "3.1"]
[White "Gruen, Gerd-Peter"]
[Black "Pieper-Emden, Carsten"]
[Result "0-1"]
[WhiteElo "2232"]
[BlackElo "2159"]
[Annotator "Daniel"]
[PlyCount "102"]
[EventDate "2019.??.??"]
[SourceVersionDate "2020.03.16"]
[WhiteTeam "Bielefelder SK 1"]
[BlackTeam "SG Bünde 1"]

1. d4 d5 2. Nf3 Nf6 3. Bf4 c5 4. e3 Nc6 5. c3 Qb6 6. Qc2 g6 7. Nbd2 Bg7 8. Be2
O-O $11 9. O-O Bf5 10. Qb3 c4 11. Qxb6 axb6 12. h3 b5 13. g4 Bd7 14. b3 Ra7 15.
bxc4 bxc4 16. Rfb1 Rfa8 17. a4 Nd8 18. Bd1 Ne8 19. e4 e6 20. exd5 exd5 21. Nf1
b5 22. Ne3 Bc6 23. Ne5 Bxe5 24. Bxe5 bxa4 25. Bf3 Ra5 26. Ra3 Kf8 27. Rb6 Rc8
28. g5 Ke7 29. h4 Kd7 30. Bg4+ Ne6 31. f4 N8c7 32. f5 gxf5 33. Bxf5 Nb5 34. Ra1
Nxc3 35. Bxh7 Ne2+ 36. Kf2 N2xd4 37. Rd1 a3 38. Bxd4 Nxd4 39. Rxd4 a2 40. Nc2
Kc7 41. Rb2 Rh8 42. g6 fxg6 43. Bxg6 a1=Q 44. Nxa1 Rxa1 45. h5 Kd6 46. Rg4 Kc5
47. Kg3 Rg1+ 48. Rg2 Rxg2+ 49. Kxg2 d4+ 50. Kg3 d3 51. Kh4 Be8 0-1

[Event "SG Bünde 1 - Bielefelder SK 1"]
[Site "NRW-Klasse - Gruppe 1 2019/20"]
[Date "2019.11.03"]
[Round "3.2"]
[White "Kettler, Ilija Jonas"]
[Black "Simon, Hans Christian"]
[Result "1/2-1/2"]
[WhiteElo "2060"]
[BlackElo "2167"]
[PlyCount "47"]
[EventDate "2019.??.??"]
[SourceVersionDate "2020.03.16"]
[WhiteTeam "SG Bünde 1"]
[BlackTeam "Bielefelder SK 1"]

1. e4 Nf6 2. Nc3 e5 3. Nf3 Nc6 4. d4 exd4 5. Nxd4 Bb4 6. Nxc6 bxc6 7. Bd3 d5 8.
exd5 Qe7+ 9. Qe2 cxd5 10. Bb5+ Bd7 11. Bxd7+ Nxd7 12. Qxe7+ Kxe7 13. Bd2 Bxc3
14. Bxc3 f6 15. O-O-O Kd6 16. Bb4+ c5 17. Ba3 Kc6 18. b4 Rab8 19. bxc5 Nxc5 20.
c4 dxc4 21. Rd4 Rhd8 22. Rxc4 Rd5 23. Re1 Rb7 24. Kc2 1/2-1/2

[Event "SG Bünde 1 - Bielefelder SK 1"]
[Site "NRW-Klasse - Gruppe 1 2019/20"]
[Date "2019.11.03"]
[Round "3.3"]
[White "Goeßling, Guido"]
[Black "Brunke, Pascal"]
[Result "0-1"]
[WhiteElo "2133"]
[BlackElo "2009"]
[PlyCount "74"]
[EventDate "2019.??.??"]
[SourceVersionDate "2020.03.16"]
[WhiteTeam "Bielefelder SK 1"]
[BlackTeam "SG Bünde 1"]

1. e4 e6 2. d4 d5 3. Nc3 Nf6 4. e5 Nfd7 5. f4 c5 6. Nf3 Nc6 7. Be3 a6 8. Qd2
Be7 9. dxc5 Bxc5 10. O-O-O b5 11. Bxc5 Nxc5 12. Qe3 Qb6 13. Kb1 b4 14. Ne2 Rb8
15. Nc1 Ne4 16. Qxb6 Rxb6 17. Rg1 a5 18. Bd3 Nc5 19. Nb3 Nd7 20. Rc1 Ke7 21. c3
a4 22. Nbd4 b3 23. Nxc6+ Rxc6 24. Bb5 Rb6 25. Bxa4 bxa2+ 26. Ka1 Nc5 27. Bc2
Ba6 28. Nd4 Ra8 29. Rgd1 Ne4 30. Bxe4 dxe4 31. Re1 Bd3 32. b3 f6 33. exf6+ gxf6
34. Kb2 e5 35. fxe5 fxe5 36. Nc2 Rf6 37. Ne3 a1=Q+ 0-1

[Event "SG Bünde 1 - Bielefelder SK 1"]
[Site "NRW-Klasse - Gruppe 1 2019/20"]
[Date "2019.11.03"]
[Round "3.4"]
[White "Altenbernd, Jannis-Domenik"]
[Black "Forchert, Niko"]
[Result "1/2-1/2"]
[WhiteElo "1984"]
[BlackElo "2067"]
[PlyCount "77"]
[EventDate "2019.??.??"]
[SourceVersionDate "2020.03.16"]
[WhiteTeam "SG Bünde 1"]
[BlackTeam "Bielefelder SK 1"]

1. d4 d5 2. c4 c6 3. Nc3 Nf6 4. Nf3 dxc4 5. a4 Bf5 6. e3 Na6 7. Bxc4 e6 8. Bxa6
bxa6 9. Qe2 Qb6 10. a5 Qb7 11. e4 Bg4 12. Qc4 Bb4 13. Ne5 Bh5 14. f3 Nd7 15.
Nxd7 Kxd7 16. O-O Rac8 17. Be3 f6 18. Ra4 Bd6 19. e5 Be7 20. exf6 gxf6 21. f4
Bg6 22. Rf2 Bf5 23. Ra1 h5 24. Re1 Bb4 25. Bd2 Bxc3 26. Bxc3 Qb5 27. Qa2 Rhg8
28. Qa3 Qd5 29. Bb4 Rb8 30. Bc5 Rb3 31. Qa1 Be4 32. Ree2 Rg4 33. Qc1 Rf3 34.
Qd2 Rd3 35. Qe1 f5 36. Rd2 Rb3 37. Rde2 Rd3 38. Rd2 Rb3 39. Rde2 1/2-1/2

[Event "SG Bünde 1 - Bielefelder SK 1"]
[Site "NRW-Klasse - Gruppe 1 2019/20"]
[Date "2019.11.03"]
[Round "3.5"]
[White "Doering, Carsten"]
[Black "Brunke, Christian"]
[Result "0-1"]
[WhiteElo "1993"]
[BlackElo "2095"]
[PlyCount "62"]
[EventDate "2019.??.??"]
[SourceVersionDate "2020.03.16"]
[WhiteTeam "Bielefelder SK 1"]
[BlackTeam "SG Bünde 1"]

1. d4 d6 2. c4 f5 3. g3 Nf6 4. Bg2 g6 5. Nf3 Bg7 6. O-O O-O 7. Nc3 Nc6 8. d5
Ne5 9. Nxe5 dxe5 10. e4 f4 11. Rb1 Nh5 12. b4 b6 13. a4 Bd7 14. c5 Qc8 15. Re1
Bh3 16. Bh1 a6 17. Rb2 Bh6 18. d6 exd6 19. cxd6 cxd6 20. Nd5 Qd8 21. g4 Qh4 22.
Bf3 Ng7 23. Nxb6 Rad8 24. Nd5 Ne6 25. b5 Nd4 26. b6 Nxf3+ 27. Qxf3 Bxg4 28. Qb3
Be6 29. Qf3 g5 30. Ne7+ Kh8 31. b7 g4 0-1

[Event "SG Bünde 1 - Bielefelder SK 1"]
[Site "NRW-Klasse - Gruppe 1 2019/20"]
[Date "2019.11.03"]
[Round "3.6"]
[White "Moradi Kahlou, Benjamin"]
[Black "Schnitker, Rainer"]
[Result "0-1"]
[WhiteElo "1945"]
[BlackElo "2028"]
[PlyCount "96"]
[EventDate "2019.??.??"]
[SourceVersionDate "2020.03.16"]
[WhiteTeam "SG Bünde 1"]
[BlackTeam "Bielefelder SK 1"]

1. e4 c6 2. Nc3 d5 3. Nf3 g6 4. h3 Bg7 5. d4 dxe4 6. Nxe4 Nd7 7. Bc4 Ndf6 8.
Nxf6+ Nxf6 9. O-O O-O 10. c3 Qd6 11. Qe2 Bf5 12. Re1 Rae8 13. Ne5 Nd5 14. Bd2
f6 15. Ng4 e5 16. dxe5 fxe5 17. Rad1 Bxg4 18. Qxg4 Kh8 19. Bg5 Qc5 20. Be3 Nxe3
21. Rxe3 Bh6 22. Re2 Rf4 23. Qd7 Ref8 24. Qe6 Bg7 25. Bb3 Rxf2 26. Rxf2 Qxf2+
27. Kh2 Qf4+ 28. Kh1 e4 29. Qg4 Qxg4 30. hxg4 Be5 31. Kg1 e3 32. Re1 Bg3 33.
Re2 Bf2+ 34. Kh2 g5 35. g3 Rf3 36. Bc4 Kg7 37. Bd3 h6 38. a4 a5 39. Bc4 Kf6 40.
Rc2 Ke5 41. Bd3 Rf6 42. Kg2 Be1 43. Rc1 Rf2+ 44. Kg1 Rd2 45. Rxe1 Rxd3 46. Kg2
Ke4 47. Rh1 Rd2+ 48. Kf1 Rd1+ 0-1

[Event "SG Bünde 1 - Bielefelder SK 1"]
[Site "NRW-Klasse - Gruppe 1 2019/20"]
[Date "2019.11.03"]
[Round "3.7"]
[White "Sudbrock, Ralf"]
[Black "Hagemeier, Ulrich"]
[Result "0-1"]
[WhiteElo "2047"]
[BlackElo "2003"]
[PlyCount "82"]
[EventDate "2019.??.??"]
[SourceVersionDate "2020.03.16"]
[WhiteTeam "Bielefelder SK 1"]
[BlackTeam "SG Bünde 1"]

1. e4 c6 2. d4 d5 3. f3 dxe4 4. fxe4 e5 5. Nf3 Bg4 6. Bc4 Bh5 7. c3 Nd7 8. O-O
Ngf6 9. Bg5 Be7 10. Nbd2 O-O 11. h3 Qc7 12. Qe1 Bd6 13. dxe5 Bxe5 14. Nxe5 Qxe5
15. Rf5 Qc7 16. Qh4 Bg6 17. Rf2 Rfe8 18. Re1 Qe5 19. Bf4 Qc5 20. Be3 Qh5 21.
Qxh5 Bxh5 22. Bg5 Bg6 23. Bb3 Nc5 24. Bxf6 Nd3 25. Bd4 Nxe1 26. Re2 Nd3 27. Re3
Nf4 28. Kf2 Rad8 29. Kf3 Ne6 30. Bxe6 Rxe6 31. Nc4 b6 32. Re2 c5 33. Bf2 f6 34.
Bg3 Rd3+ 35. Kf4 Rxe4+ 36. Rxe4 Bxe4 37. Kxe4 Rxg3 38. Ne3 Rg5 39. g4 Re5+ 40.
Kd3 g6 41. Nc4 Rd5+ 0-1

[Event "SG Bünde 1 - Bielefelder SK 1"]
[Site "NRW-Klasse - Gruppe 1 2019/20"]
[Date "2019.11.03"]
[Round "3.8"]
[White "Gudath, Reiner"]
[Black "Gruettemeier, Uwe"]
[Result "1/2-1/2"]
[WhiteElo "1836"]
[BlackElo "1984"]
[PlyCount "129"]
[EventDate "2019.??.??"]
[SourceVersionDate "2020.03.16"]
[WhiteTeam "SG Bünde 1"]
[BlackTeam "Bielefelder SK 1"]

1. c4 c6 2. g3 g6 3. Bg2 Bg7 4. Nf3 Nf6 5. O-O O-O 6. d4 d6 7. Nc3 Bf5 8. Nh4
Be6 9. d5 Bd7 10. Re1 Na6 11. Bd2 cxd5 12. cxd5 Qb6 13. h3 Nc5 14. Rb1 a5 15.
Be3 Rfc8 16. Qd2 a4 17. Red1 Qa5 18. Bxc5 Rxc5 19. Kh2 Rac8 20. Qe3 Qc7 21. Rd2
h6 22. Rbd1 g5 23. Nf3 a3 24. Nb1 axb2 25. Rxb2 Nxd5 26. Rxd5 Rxd5 27. Rb4 Rb5
28. Rxb5 Bxb5 29. Nbd2 Qc5 30. Qxe7 Re8 31. Qxb7 Rxe2 32. Ne4 Qc6 33. Qb8+ Qe8
34. Qxe8+ Bxe8 35. Nxd6 Bc6 36. Kg1 Rxa2 37. Nf5 Bxf3 38. Bxf3 Bf8 39. h4 Ra4
40. hxg5 hxg5 41. Ne3 Bc5 42. Nd1 Kg7 43. Kg2 f5 44. Bc6 Ra2 45. Kf1 Kf6 46.
Bb5 Ke5 47. Bc4 Ra1 48. Ke2 g4 49. Bb3 Rb1 50. Bc2 Ra1 51. Bb3 Ra3 52. Bc4 Ke4
53. Be6 Bd4 54. Bc4 Ra7 55. Bd3+ Ke5 56. Bc4 Rh7 57. Bb5 Rh1 58. Bd7 Rxd1 59.
Kxd1 Bxf2 60. Ke2 Bxg3 61. Bc8 Kf4 62. Bd7 Kg5 63. Kf1 Be5 64. Kg2 f4 65. Bc6
1/2-1/2

[Event "SC Hansa Dortmund 2 - SV Welper 1"]
[Site "NRW-Klasse - Gruppe 1 2019/20"]
[Date "2019.11.03"]
[Round "3.1"]
[White "Fuellgrabe, Thomas"]
[Black "Christensen, Niels"]
[Result "1/2-1/2"]
[WhiteElo "2236"]
[BlackElo "2198"]
[PlyCount "41"]
[EventDate "2019.??.??"]
[SourceVersionDate "2020.03.16"]
[WhiteTeam "SV Welper 1"]
[BlackTeam "SC Hansa Dortmund 2"]

1. e4 c5 2. Nf3 d6 3. Bb5+ Bd7 4. Bxd7+ Qxd7 5. c4 Nc6 6. d4 cxd4 7. Nxd4 g6 8.
b3 Nf6 9. Nc3 Bg7 10. Bb2 Qg4 11. O-O Qxd1 12. Raxd1 Nxd4 13. Rxd4 O-O 14. Re1
Rfc8 15. Rd2 Nd7 16. Nd5 Bxb2 17. Rxb2 Kf8 18. f3 Rc6 19. Nb4 Rb6 20. Nd5 Rc6
21. Nb4 1/2-1/2

[Event "SC Hansa Dortmund 2 - SV Welper 1"]
[Site "NRW-Klasse - Gruppe 1 2019/20"]
[Date "2019.11.03"]
[Round "3.2"]
[White "Sundorf, Jannik"]
[Black "Sohlmann, Jan-Henning"]
[Result "0-1"]
[WhiteElo "2135"]
[BlackElo "2172"]
[PlyCount "116"]
[EventDate "2019.??.??"]
[SourceVersionDate "2020.03.16"]
[WhiteTeam "SC Hansa Dortmund 2"]
[BlackTeam "SV Welper 1"]

1. d4 Nf6 2. c4 d6 3. Nf3 g6 4. g3 Bg7 5. Bg2 O-O 6. Nc3 Nbd7 7. O-O e5 8. e4
exd4 9. Nxd4 Re8 10. Re1 a6 11. a4 Nc5 12. h3 Nfd7 13. Be3 Ne5 14. Bf1 Ne6 15.
Nb3 c5 16. f4 Nc6 17. Bg2 Ned4 18. Nd5 Be6 19. Nxd4 Nxd4 20. b4 b6 21. a5 Bxd5
22. cxd5 Nb5 23. axb6 cxb4 24. b7 Rb8 25. Rxa6 Rxb7 26. Qd3 Bc3 27. Rb1 Rb8 28.
Kh2 Qd7 29. h4 Ra8 30. Rxa8 Rxa8 31. e5 Ra2 32. Kh1 Kg7 33. exd6 Kg8 34. Bc5
Ra4 35. f5 Nxd6 36. fxg6 hxg6 37. Kh2 Qc7 38. Bd4 Bxd4 39. Qxd4 Nf5 40. Qf4
Qxf4 41. gxf4 b3 42. Rxb3 Rxf4 43. h5 g5 44. Rf3 Rxf3 45. Bxf3 Kg7 46. Kh3 Nd6
47. Kg4 Kh6 48. Be2 f5+ 49. Kh3 Kg7 50. Kg3 Kf6 51. Bf3 Nf7 52. Be2 Ke5 53. Bf3
Nh6 54. Bg2 f4+ 55. Kh3 g4+ 56. Kh2 Nf7 57. Kg1 Kf5 58. Kf2 Kg5 0-1

[Event "SC Hansa Dortmund 2 - SV Welper 1"]
[Site "NRW-Klasse - Gruppe 1 2019/20"]
[Date "2019.11.03"]
[Round "3.3"]
[White "Kemna, Guido"]
[Black "Schiefelbusch, Dirk"]
[Result "1/2-1/2"]
[WhiteElo "2135"]
[BlackElo "2072"]
[PlyCount "29"]
[EventDate "2019.??.??"]
[SourceVersionDate "2020.03.16"]
[WhiteTeam "SV Welper 1"]
[BlackTeam "SC Hansa Dortmund 2"]

1. d4 d5 2. Nf3 Nf6 3. g3 Bg4 4. Bg2 e6 5. O-O Bd6 6. b3 O-O 7. Bb2 Nbd7 8. c4
c6 9. Nbd2 Qe7 10. Ne5 Bh5 11. h3 Ba3 12. Bxa3 Qxa3 13. g4 Bg6 14. Nxg6 hxg6
15. Qc2 1/2-1/2

[Event "SC Hansa Dortmund 2 - SV Welper 1"]
[Site "NRW-Klasse - Gruppe 1 2019/20"]
[Date "2019.11.03"]
[Round "3.4"]
[White "Berndt, Joachim"]
[Black "Schaller, Fabian"]
[Result "0-1"]
[WhiteElo "2051"]
[BlackElo "2036"]
[PlyCount "110"]
[EventDate "2019.??.??"]
[SourceVersionDate "2020.03.16"]
[WhiteTeam "SC Hansa Dortmund 2"]
[BlackTeam "SV Welper 1"]

1. e4 c5 2. Nf3 Nc6 3. d3 g6 4. g3 e6 5. Bg2 Bg7 6. O-O Nge7 7. c3 d5 8. Nbd2
O-O 9. Re1 e5 10. exd5 Nxd5 11. Nc4 Re8 12. a4 b6 13. Qb3 Bb7 14. a5 Rb8 15. a6
Ba8 16. Bg5 Qd7 17. Rad1 h6 18. Bc1 Kh8 19. Ne3 Nc7 20. Qa4 Rbd8 21. Qh4 Qe7
22. Qh3 f5 23. Nc4 Qf8 24. Nh4 Qf6 25. Nf3 Qf8 26. Bg5 Rd7 27. Bxh6 Bxh6 28.
Nfxe5 Nxe5 29. Nxe5 Rxe5 30. Rxe5 Rh7 31. Bb7 Bg7 32. Qg2 Bxe5 33. Re1 Bf6 34.
Qc6 Rf7 35. h4 Kg7 36. Kg2 Re7 37. Rh1 Qe8 38. Qf3 Bxb7 39. axb7 Ne6 40. h5 Ng5
41. Qd5 Qb8 42. hxg6 Qxb7 43. Qxb7 Rxb7 44. f4 Kxg6 45. fxg5 Kxg5 46. Ra1 Rd7
47. Kh3 Rxd3 48. Rxa7 f4 49. Rb7 Rxg3+ 50. Kh2 Be5 51. Rxb6 f3 52. Re6 Rg2+ 53.
Kh1 Rh2+ 54. Kg1 f2+ 55. Kf1 Bg3 0-1

[Event "SC Hansa Dortmund 2 - SV Welper 1"]
[Site "NRW-Klasse - Gruppe 1 2019/20"]
[Date "2019.11.03"]
[Round "3.5"]
[White "Linde, Wolfgang"]
[Black "Burchert, Wolfgang"]
[Result "0-1"]
[WhiteElo "2098"]
[BlackElo "2001"]
[PlyCount "84"]
[EventDate "2019.??.??"]
[SourceVersionDate "2020.03.16"]
[WhiteTeam "SV Welper 1"]
[BlackTeam "SC Hansa Dortmund 2"]

1. e4 c5 2. c3 d5 3. exd5 Qxd5 4. d4 Nc6 5. Nf3 Bg4 6. dxc5 Qxd1+ 7. Kxd1 e5 8.
b4 e4 9. h3 Bh5 10. g4 Bg6 11. Nh4 O-O-O+ 12. Kc2 Be7 13. Nxg6 hxg6 14. Nd2 f5
15. Nc4 Nf6 16. b5 Nb8 17. Ne5 Bxc5 18. Nf7 Nxg4 19. Nxd8 Kxd8 20. Bf4 Nxf2 21.
Rh2 Nd7 22. Re1 Re8 23. Bg3 e3 24. Bh4+ Nf6 25. Rg2 N2e4 26. Rxg6 Re7 27. Bd3
Ke8 28. Bxe4 Rxe4 29. Bxf6 gxf6 30. Rxf6 Re5 31. Rf1 e2 32. Re1 Bf2 33. Kd2
Bxe1+ 34. Kxe1 Ke7 35. Rg6 f4 36. Rg7+ Kf6 37. Rg8 Re3 38. Rf8+ Kg5 39. Rg8+
Kf5 40. Rc8 Ke4 41. Rc4+ Kf3 42. b6 axb6 0-1

[Event "SC Hansa Dortmund 2 - SV Welper 1"]
[Site "NRW-Klasse - Gruppe 1 2019/20"]
[Date "2019.11.03"]
[Round "3.6"]
[White "Linker, Walter"]
[Black "Conrad, Joachim"]
[Result "1-0"]
[WhiteElo "2002"]
[BlackElo "2004"]
[PlyCount "89"]
[EventDate "2019.??.??"]
[SourceVersionDate "2020.03.16"]
[WhiteTeam "SC Hansa Dortmund 2"]
[BlackTeam "SV Welper 1"]

1. f4 d5 2. Nf3 g6 3. e3 Bg7 4. d4 Nh6 5. c4 c6 6. Nc3 O-O 7. Be2 dxc4 8. Bxc4
b5 9. Bd3 Na6 10. O-O Bf5 11. Ne5 Rc8 12. a4 Bxd3 13. Qxd3 Nb4 14. Qd2 a6 15.
axb5 axb5 16. Nxb5 Nc2 17. Qxc2 cxb5 18. Qb3 Bxe5 19. fxe5 Qd7 20. Bd2 Nf5 21.
Ra5 Rb8 22. Rc1 Rb7 23. Ra6 e6 24. Rac6 Ra8 25. Qd3 h5 26. R6c5 Rd8 27. Qe4 Ne7
28. h3 Kg7 29. Kh2 Nf5 30. Qf4 Qe7 31. Qf3 Qd7 32. Rf1 Qe7 33. b4 Kh7 34. Bc3
Rbb8 35. e4 Nh6 36. Bd2 Rd7 37. Qe3 Qf8 38. d5 exd5 39. exd5 Nf5 40. Qe4 Ra7
41. Bg5 Qe8 42. Rxf5 gxf5 43. Qxf5+ Kg8 44. Bf6 Qf8 45. Qxh5 1-0

[Event "SC Hansa Dortmund 2 - SV Welper 1"]
[Site "NRW-Klasse - Gruppe 1 2019/20"]
[Date "2019.11.03"]
[Round "3.7"]
[White "Schaller, Torsten"]
[Black "Krueger, Simon"]
[Result "1/2-1/2"]
[WhiteElo "1947"]
[BlackElo "2010"]
[PlyCount "57"]
[EventDate "2019.??.??"]
[SourceVersionDate "2020.03.16"]
[WhiteTeam "SV Welper 1"]
[BlackTeam "SC Hansa Dortmund 2"]

1. Nf3 e6 2. g3 b6 3. Bg2 Bb7 4. c4 Nf6 5. d4 Bb4+ 6. Nbd2 O-O 7. O-O d5 8. Ne5
c5 9. a3 Bxd2 10. Qxd2 Ne4 11. Qe3 cxd4 12. Qxd4 f6 13. Nf3 e5 14. Qd1 d4 15.
Qc2 Nc5 16. b4 d3 17. exd3 Qxd3 18. Qxd3 Nxd3 19. Be3 Rc8 20. Bh3 Re8 21. Rfd1
Nb2 22. Rdb1 Nxc4 23. Nd2 Nxe3 24. fxe3 Rd8 25. Rb2 Nd7 26. Rc1 Rac8 27. Rxc8
Bxc8 28. Rc2 Kf8 29. Rc7 1/2-1/2

[Event "SC Hansa Dortmund 2 - SV Welper 1"]
[Site "NRW-Klasse - Gruppe 1 2019/20"]
[Date "2019.11.03"]
[Round "3.8"]
[White "Balic, Enver"]
[Black "Wallhof, Dieter"]
[Result "0-1"]
[WhiteElo "1759"]
[BlackElo "1844"]
[PlyCount "74"]
[EventDate "2019.??.??"]
[SourceVersionDate "2020.03.16"]
[WhiteTeam "SC Hansa Dortmund 2"]
[BlackTeam "SV Welper 1"]

1. d4 Nf6 2. Nf3 g6 3. e3 Bg7 4. c4 d6 5. Be2 Nbd7 6. O-O e5 7. Nc3 O-O 8. dxe5
dxe5 9. e4 c6 10. Qc2 Qc7 11. h3 Re8 12. Be3 Nf8 13. Rfd1 Ne6 14. Bf1 Bd7 15.
Rd2 Rad8 16. Rad1 b6 17. a4 Bf8 18. Na2 a5 19. g4 h6 20. Ne1 g5 21. f3 Bc5 22.
Bxc5 bxc5 23. Rh2 Kg7 24. h4 Rh8 25. Ng2 Nd4 26. Qf2 Nxf3+ 27. Qxf3 Bxg4 28.
Qe3 Bxd1 29. hxg5 Ng4 30. gxh6+ Kh7 31. Qg5 Rhg8 32. Qf5+ Rg6 33. Nc3 Nxh2 34.
Kxh2 Bg4 35. Qf2 Qe7 36. Ne2 Bxe2 37. Bxe2 Rdg8 0-1